|
|
|
|
| LEADER |
01815nam a2200481 a 4500 |
| 001 |
nkc20071763077 |
| 003 |
CZ PrNK |
| 005 |
20090220151820.0 |
| 007 |
ta |
| 008 |
071109s2007 xr a e p 000 0 eng |
| 015 |
|
|
|a cnb001763077
|
| 020 |
|
|
|a 978-80-01-03915-1
|q (brož.)
|
| 035 |
|
|
|a (OCoLC)228499993
|
| 040 |
|
|
|a BOA001
|b cze
|d ABA001
|
| 072 |
|
7 |
|a 57
|x Obecná biologie
|2 Konspekt
|9 2
|
| 072 |
|
7 |
|a 37.016
|x Učební osnovy. Vyučovací předměty. Učebnice
|2 Konspekt
|9 22
|
| 080 |
|
|
|a 57:531
|2 MRF
|
| 080 |
|
|
|a 576.314
|2 MRF
|
| 080 |
|
|
|a 577.352
|2 MRF
|
| 080 |
|
|
|a (075.8)
|2 MRF
|
| 100 |
1 |
|
|a Daniel, Matej,
|d 1978-
|7 xx0029605
|4 aut
|
| 245 |
1 |
0 |
|a Biomechanics of biomembranes /
|c Matej Daniel, Tomáš Mareš
|
| 250 |
|
|
|a Vyd. 1.
|
| 260 |
|
|
|a Praha :
|b Nakladatelství ČVUT,
|c 2007
|
| 300 |
|
|
|a 71 s. :
|b il. ;
|c 30 cm
|
| 500 |
|
|
|a Na obálce pod názvem: ČVUT v Praze, Fakulta strojní
|
| 500 |
|
|
|a 100 výt.
|
| 504 |
|
|
|a Obsahuje bibliografii
|
| 550 |
|
|
|a Vydavatel: České vysoké učení technické v Praze
|
| 650 |
0 |
7 |
|a biomechanika
|7 ph118914
|2 czenas
|
| 650 |
0 |
7 |
|a biologické membrány
|7 ph114168
|2 czenas
|
| 650 |
0 |
9 |
|a biomechanics
|2 eczenas
|
| 650 |
0 |
9 |
|a biomembranes
|2 eczenas
|
| 655 |
|
7 |
|a učebnice vysokých škol
|7 fd133772
|2 czenas
|
| 655 |
|
9 |
|a textbooks (higher)
|2 eczenas
|
| 700 |
1 |
|
|a Mareš, Tomáš,
|d 1972-
|7 ntka173333
|4 aut
|
| 710 |
2 |
|
|a České vysoké učení technické v Praze.
|b Strojní fakulta
|7 ko20010093670
|
| 910 |
2 |
|
|a BOA001
|b 4-1194.378
|
| 928 |
9 |
|
|a Česká technika - nakladatelství ČVUT
|
| 990 |
|
|
|a BK
|
| 995 |
|
|
|a 01
|
| 996 |
6 |
|
|b 2610324701
|c 4-1194.378
|v 1
|l MZK
|r Sklad / do 1 hodiny
|n 0
|p p.v.
|w 000874953
|u 000010
|a 1
|e BOA001
|j MZK50
|s P
|
| 996 |
7 |
|
|b 2610326364
|c 4-1194.378
|v 1
|l MZK
|r Sklad / do 1 hodiny
|n 1
|p kup
|w 000874953
|u 000020
|a 1
|e BOA001
|j MZK50
|s A
|